| 000 | 03157nam0a2200421 4500 | ||
|---|---|---|---|
| 001 | RU\NLR\bibl\1350846 | ||
| 005 | 20250615173710.0 | ||
| 010 |
_a978-5-7485-0450-8 _9200 |
||
| 021 |
_aRU _b2009-5365 _9304 |
||
| 035 | _a(nilc)RSL-KNO-004241597 | ||
| 035 | _a(NLR Aleph) 001335937 | ||
| 090 |
_a830133 _c830133 |
||
| 100 | _a20090225d2008 |||y0rusy50 ca | ||
| 101 | 0 | _arus | |
| 102 | _aRU | ||
| 105 | _ay ||||||||| | ||
| 200 | 1 |
_aМеры обеспечения производства по делам об административных правонарушениях, применяемые ОВД в области дорожного движения _e[учебное пособие для курсантов, студентов, аспирантов и преподавателей учебных заведений юридического профиля] _fЮ. В. Помогалова, М. Е. Молодых _gФедер. гос. образоват. учреждение высш. проф. образования "Сарат. юрид. ин-т МВД России" |
|
| 210 |
_aСаратов _cСаратовский юридический институт МВД России _d2008 |
||
| 215 |
_a78 с. _d21 |
||
| 300 | _aНа обороте тит. л. авт.: Помогалова Ю. В., Молодых М. Е., кандидаты юрид. наук | ||
| 320 | _aБиблиогр.: с. 76-77 (23 назв.) и в подстроч. примеч. | ||
| 601 | 0 | 2 |
_aГосударственная инспекция безопасности дорожного движения _jУчебные издания для высших учебных заведений _xАдминистративная юрисдикция _yРоссийская Федерация _92378448 _3RU\NLR\auth\661419203 |
| 606 | 1 |
_aПравила дорожного движения _jУчебные издания для высших учебных заведений _xНарушения _xАдминистративная ответственность _yРоссийская Федерация _92111454 _3RU\NLR\auth\661276031 |
|
| 610 | 0 | _aГосударство и право. Юридические науки -- Административное право -- Российская Федерация -- Формы и методы государственного управления -- Административное принуждение -- Административная ответственность -- Административный проступок -- Учебник для высшей школы | |
| 610 | 0 | _aдорожное движение | |
| 686 |
_aХ621.033.2я73-1 _2rubbk |
||
| 686 | _aХ621.145.310.4я73 | ||
| 686 | _aХ621.033.21я73 | ||
| 700 | 1 |
_aПомогалова _bЮ. В. _gЮлия Викторовна _4070 |
|
| 701 | 1 |
_aМолодых _bМ. Е. _gМаксим Евгеньевич _4070 |
|
| 801 | 0 |
_aRU _bРКП _c20090225 _grcr |
|
| 801 | 1 |
_aRU _bРГБ _c20090225 |
|
| 801 | 2 |
_aRU _bNLR _c20090402 _grcr |
|
| 830 | _aавт. по кн. | ||
| 942 | _cBOOK | ||
| 980 | _aNB | ||